| 000 | 00663nam a22002055i 4500 | ||
|---|---|---|---|
| 001 | 166337 | ||
| 003 | ES-MaACL | ||
| 005 | 20250814053139.0 | ||
| 008 | 981002s1866 fr |||| | fre d | ||
| 040 |
_aCLM _bspa _cCCPB | 3D |
||
| 100 | 1 |
_aTissandier, Jean Baptiste. _9133270 |
|
| 245 | 1 | 4 |
_aDes sciences occultes et du spiritisme / _cpar J.B. Tissandier. |
| 260 |
_aParis : _bGermer Baillière, libraire-éditeur, _c1866 ( _fImprimerie de E. Martinet) |
||
| 300 |
_a182 p. ; _c19 cm. |
||
| 597 | _aAntep. | ||
| 650 | 0 | 4 |
_aEspiritismo. _912502 |
| 650 | 7 |
_aOcultismo _2embne _915681 |
|
| 852 |
_aES-MaACL _jF-11513 _z-- Enc. pasta |
||
| 999 |
_c166337 _d166337 |
||